A morgadinha dos canaviais de Júlio Dinis (Registo nº 201395)

Detalhes MARC
000 -Etiqueta do registo
Valores 00687nam 22002053 4500
021 ## - Número do Depósito Legal
Código do país Portugal
Número 19209/87
100 ## - Dados gerais de processamento
Dados gerais 20260319d u||y0pory50 ba
200 ## - Titulo e menção de responsabilidade
Título próprio A morgadinha dos canaviais de Júlio Dinis
Primeira menção de responsabilidade comentado e explicado por Maria José Gonçalves, António Eusébio
210 ## - Publicação
Local de publicação Mem Martins
Nome do editor Europa América
Data de publicação D.L. 1987
215 ## - Descrição física 
Paginação / Volumes 73, [3] p.
Outras indicações físicas brochado
Dimensões 18 cm
225 ## - Colecção 
Título próprio da colecção Apontamentos Europa América
Número de parte ou secção 5
606 ## - Nome comum usado como assunto
ID Autoridade 3661
Palavra de ordem Crítica Literária.Estudos Literários
675 ## - CDU
Notação 82.09
Edição PT
Língua por
700 ## - Autor principal (pessoa individual)
ID Autoridade 16913
Apelido Gonçalves
Nome Maria José
701 ## - Co-autor principal (pessoa individual)
ID Autoridade 16914
Apelido Eusébio
Nome António
801 ## - Fonte de origem
País PT
Agência BMMN
Regras de catalogação RPC
830 ## - Notas gerais do catalogador
Criado por Vanda
990 ## - Elementos KOHA
Tipo de documento Livro
Exemplares
Situação do levantamento Biblioteca de origem Código de barras Cota Permissão de empréstimo Tipo de documento Forma de aquisição
  Biblioteca Municipal de Montemor-o-Novo 30717 82.09 GON|DEP   Livro Compra

Powered by Koha